International Trade and Export Management / (Record no. 3466)

000 -LEADER
fixed length control field 00606nam a2200217Ia 4500
008 - FIXED-LENGTH DATA ELEMENTS--GENERAL INFORMATION
fixed length control field 251022t2025||||ii |||||||||||||| ||eng||
020 ## - INTERNATIONAL STANDARD BOOK NUMBER
International Standard Book Number 9789365571646
Terms of availability Rs. 800.00
040 ## - CATALOGING SOURCE
Original cataloging agency IMU Kochi Library
Language of cataloging eng
041 0# - LANGUAGE CODE
Language code of text/sound track or separate title eng
044 ## - COUNTRY OF PUBLISHING/PRODUCING ENTITY CODE
MARC country code India
082 04 - DEWEY DECIMAL CLASSIFICATION NUMBER
Classification number 382
Item number C4246
Edition number 23
100 1# - MAIN ENTRY--PERSONAL NAME
Personal name Cherunilam, Francis
245 10 - TITLE STATEMENT
Title International Trade and Export Management /
250 ## - EDITION STATEMENT
Edition statement 23rd rev. ed.
260 ## - PUBLICATION, DISTRIBUTION, ETC. (IMPRINT)
Place of publication, distribution, etc Mumbai :
Name of publisher, distributor, etc Himayala Publishing House,
Date of publication, distribution, etc 2025
300 ## - PHYSICAL DESCRIPTION
Extent 501 p.
Other physical details : ill
Dimensions ; 24.5 cm.
650 #0 - SUBJECT ADDED ENTRY--TOPICAL TERM
Topical term or geographic name as entry element International trade
Form subdivision Textbooks
852 ## - LOCATION/CALL NUMBER
Location IMU Kochi Library
904 ## - LOCAL DATA ELEMENT D, LDD (RLIN)
CATALOGER Akhil Bose
942 ## - ADDED ENTRY ELEMENTS (KOHA)
Item type Books
Holdings
Withdrawn status Lost status Source of classification or shelving scheme Damaged status Not for loan Collection code Permanent location Current location Shelving location Date acquired Source of acquisition Cost, normal purchase price Full call number Barcode Date last seen Koha item type
          Management Studies IMU Kochi Library IMU Kochi Library General Stacks 2025-10-22 M/s Technical Bureau India pvt ltd.(Inv. no. TB1923 dated 09.10.2025) 800.00 382 C4246 BK007090 2025-10-29 Books
          Management Studies IMU Kochi Library IMU Kochi Library General Stacks 2025-10-22 M/s Technical Bureau India pvt ltd.(Inv. no. TB1923 dated 09.10.2025) 800.00 382 C4246 BK007091 2025-10-29 Books
          Management Studies IMU Kochi Library IMU Kochi Library General Stacks 2025-10-22 M/s Technical Bureau India pvt ltd.(Inv. no. TB1923 dated 09.10.2025) 800.00 382 C4246 BK007092 2025-10-29 Books
          Management Studies IMU Kochi Library IMU Kochi Library General Stacks 2025-10-22 M/s Technical Bureau India pvt ltd.(Inv. no. TB1923 dated 09.10.2025) 800.00 382 C4246 BK007093 2025-10-29 Books
          Management Studies IMU Kochi Library IMU Kochi Library General Stacks 2025-10-22 M/s Technical Bureau India pvt ltd.(Inv. no. TB1923 dated 09.10.2025) 800.00 382 C4246 BK007094 2025-10-29 Books
          Management Studies IMU Kochi Library IMU Kochi Library General Stacks 2025-10-22 M/s Technical Bureau India pvt ltd.(Inv. no. TB1923 dated 09.10.2025) 800.00 382 C4246 BK007095 2025-10-29 Books
          Management Studies IMU Kochi Library IMU Kochi Library General Stacks 2025-10-22 M/s Technical Bureau India pvt ltd.(Inv. no. TB1923 dated 09.10.2025) 800.00 382 C4246 BK007096 2025-10-29 Books
          Management Studies IMU Kochi Library IMU Kochi Library General Stacks 2025-10-22 M/s Technical Bureau India pvt ltd.(Inv. no. TB1923 dated 09.10.2025) 800.00 382 C4246 BK007097 2025-10-29 Books
          Management Studies IMU Kochi Library IMU Kochi Library General Stacks 2025-10-22 M/s Technical Bureau India pvt ltd.(Inv. no. TB1923 dated 09.10.2025) 800.00 382 C4246 BK007098 2025-10-29 Books
          Management Studies IMU Kochi Library IMU Kochi Library General Stacks 2025-10-22 M/s Technical Bureau India pvt ltd.(Inv. no. TB1923 dated 09.10.2025) 800.00 382 C4246 BK007099 2025-10-29 Books


Copyright © All Rights Reserved by Indian Maritime University, Kochi Campus.
For any Suggestions/Query Contact to library or Email: library.kochi@imu.ac.in Ph:(0484)-2989402
(Web OPAC Designed by Rudra Ranjan. Maintained by IMU Kochi Library)

Powered by Koha